000 01065nam0a22002771 4500
001 rc\386392
005 20030616165227.2
010 _a5-282-00942-0
_950000
035 _a(NLR Aleph) 005636543
090 _a6623546
_c6623546
100 _a20030616d1989 u |0rusy50 ca
101 0 _arus
102 _aRU
105 _ay |||||||||
200 1 _aНовые методы хозяйствования
_eУчеб. пособие для произв.-экон. обучения руководителей предприятий (объединений)
_f[Турусин Ю.Д. и др.]
_gПод ред. П.Г. Бунича
210 _aМ.
_cЭкономика
_d1989
215 _a205, [2] с.
_d21
225 1 _aЭкономический всеобуч
320 _aБиблиогр.: с. 205-206
701 1 _aТурусин
_bЮ. Д.
_gЮрий Дмитриевич
702 1 _aБунич
_bП. Г.
_gПавел Григорьевич
_4340
801 0 _aRU
_bNLR
_gpsbo
801 1 _aRU
_bELAR
_2rusmarc
852 _aNLR
_j89-3/11975
942 _cBOOK
980 _aNB